| 000 | 00441nam a22001817a 4500 | ||
|---|---|---|---|
| 005 | 20251108175300.0 | ||
| 008 | 250721s1996 xx 000 0 eng d | ||
| 082 | 1 | 4 | _a923.1/CLA |
| 100 | 1 | _aclarke, MARY | |
| 245 | 1 | 0 | _aLittle girl lost / |
| 264 | 1 |
_anew york : _bcarol publishing group, _c1996. |
|
| 300 | _a288P. | ||
| 650 | 1 | 7 | _aBIOGRAPHIES |
| 650 | 1 | 7 | _aWOMEN |
| 650 | 1 | 7 | _aKINGS AND RULERS |
| 942 |
_2ddc _cBK |
||
| 999 |
_c130461 _d130461 |
||